<?xml version="1.0" encoding="UTF-8"?><?xml-stylesheet type="text/xsl" href="static/style.xsl"?><OAI-PMH xmlns="http://www.openarchives.org/OAI/2.0/" xmlns:xsi="http://www.w3.org/2001/XMLSchema-instance" xsi:schemaLocation="http://www.openarchives.org/OAI/2.0/ http://www.openarchives.org/OAI/2.0/OAI-PMH.xsd"><responseDate>2026-04-17T06:56:24Z</responseDate><request verb="GetRecord" identifier="oai:www.recercat.cat:2072/378199" metadataPrefix="marc">https://recercat.cat/oai/request</request><GetRecord><record><header><identifier>oai:recercat.cat:2072/378199</identifier><datestamp>2024-12-23T19:31:37Z</datestamp><setSpec>com_2072_375854</setSpec><setSpec>com_2072_351515</setSpec><setSpec>com_2072_1741</setSpec><setSpec>col_2072_375855</setSpec></header><metadata><record xmlns="http://www.loc.gov/MARC21/slim" xmlns:dcterms="http://purl.org/dc/terms/" xmlns:xsi="http://www.w3.org/2001/XMLSchema-instance" xmlns:doc="http://www.lyncode.com/xoai" xsi:schemaLocation="http://www.loc.gov/MARC21/slim http://www.loc.gov/standards/marcxml/schema/MARC21slim.xsd">
   <leader>00925njm 22002777a 4500</leader>
   <datafield ind2=" " ind1=" " tag="042">
      <subfield code="a">dc</subfield>
   </datafield>
   <datafield ind2=" " ind1=" " tag="720">
      <subfield code="a">Gómez-Bellver, Carlos</subfield>
      <subfield code="e">author</subfield>
   </datafield>
   <datafield ind2=" " ind1=" " tag="720">
      <subfield code="a">Ibáñez Cortina, Neus</subfield>
      <subfield code="e">author</subfield>
   </datafield>
   <datafield ind2=" " ind1=" " tag="720">
      <subfield code="a">Nualart, Neus</subfield>
      <subfield code="e">author</subfield>
   </datafield>
   <datafield ind2=" " ind1=" " tag="720">
      <subfield code="a">López-Pujol, Jordi</subfield>
      <subfield code="e">author</subfield>
   </datafield>
   <datafield ind2=" " ind1=" " tag="260">
      <subfield code="c">2020-12-17</subfield>
   </datafield>
   <datafield ind2=" " ind1=" " tag="520">
      <subfield code="a">The Cactaceae, and especially its most emblematic genus, Opuntia, is one of the groups of
plants with greater invasion potential in the Iberian Peninsula. One of the most recently detected
species is Opuntia aurantiaca, a small cactus with an enormous capacity of dispersion.
Probably native to Argentina and Uruguay, it behaves as a very aggressive invader in Australia
and South Africa. In Europe, it only occurs on the Mediterranean coast of the Iberian Peninsula
(Catalonia and Valencian Community). In this study, the geographic range of the species is
accurately delineated at the peninsular level. Detected firstly at the beginning of the last decade
in Navajas (Castelló Province), it has been subsequently observed in other places of Castelló,
but also in Valencia, Tarragona and Barcelona, and since 2017 in Girona. With all gathered
occurrence data, the potential distribution of O. aurantiaca is estimated (for the current climatic
conditions as well as for different scenarios of global warming). Despite the fact that the species
seems to be spreading, maps of potential distribution do not forecast large expansions to other
areas of the Iberian Peninsula, both for the present and for the year 2070.
Key words: alien flora, niche modelling, Spain.</subfield>
   </datafield>
   <datafield ind1="8" ind2=" " tag="024">
      <subfield code="a">http://hdl.handle.net/2072/378199</subfield>
   </datafield>
   <datafield ind1="8" ind2=" " tag="024">
      <subfield code="a">https://doi.org/10.7320/FlMedit30.377</subfield>
   </datafield>
   <datafield ind2="0" ind1="0" tag="245">
      <subfield code="a">The recent neophyte Opuntia aurantiaca (Cactaceae): distribution and potential invasion in the Iberian Peninsula</subfield>
   </datafield>
</record></metadata></record></GetRecord></OAI-PMH>